Guess the Flag (Medium) - Statistics

General Stats
  • This quiz has been taken 3,675 times
  • The average score is 6 of 15
Answer Stats
Picture Answer % Correct
South Africa
97%
Saudi Arabia
84%
Cyprus
73%
Panama
50%
Tunisia
47%
Dominican Republic
35%
Bahamas
31%
Madagascar
31%
Haiti
29%
Lesotho
26%
Maldives
26%
Gabon
22%
Malawi
18%
Rwanda
15%
Equatorial Guinea
12%
No matching quizzes found
Score Distribution
Percent of People with Each Score
Percentile by Number Answered
Your Score History
You have not taken this quiz